Normal view
MARC view
- الخدمة الاجتماعية الطبية
Entry Topical Term
001 - CONTROL NUMBER
- control field: 39061
003 - CONTROL NUMBER IDENTIFIER
- control field: JO-AjAnu
005 - DATE AND TIME OF LATEST TRANSACTION
- control field: 20230606080511.0
008 - FIXED-LENGTH DATA ELEMENTS
- fixed length control field: 230606|| aca||aabn | a|a d
040 ## - CATALOGING SOURCE
- Original cataloging agency: JO-AjAnu
- Transcribing agency: JO-AjAnu
150 ## - HEADING--TOPICAL TERM
- Topical term or geographic name entry element: الخدمة الاجتماعية الطبية
670 ## - SOURCE DATA FOUND
- Source citation: Work cat.: (JO-AjAnu)20033: بشير، اقبال ، م.مشارك: اقبال ابراهيم محلوف, author 39060, الرعاية الطبية والصحية ودور الخدمة الاجتماعية